| 000 | 00578nam a22001817a 4500 | ||
|---|---|---|---|
| 999 |
_c174411 _d174411 |
||
| 005 | 20200612131407.0 | ||
| 010 | _aENG-128193 | ||
| 020 |
_c625.00 _a9788194117964 |
||
| 035 | _aEN-111725 | ||
| 037 | _bDBAD/PUB | ||
| 082 | _a780.954 | ||
| 100 | _aKelkar,Rajesh Gopalrao | ||
| 245 |
_aAgra Gharana / _cby Rajesh Gopalrao kelkar _bWith spl.Ref.to North-Western uttar Pradesh: |
||
| 260 |
_aNew Delhi _bRaj Publication _c2019 |
||
| 270 |
_a108,4855/24,Ansari Road,Daryaganj _bNew Delhi _e110002 |
||
| 300 |
_a207p. _c22cm(hb) |
||
| 942 |
_2ddc _cEN _h780.954 _mKEL |
||